| 000 | 00000nam##2200000za#4500 |
| 001 | 9.608322 |
| 003 | CaOODSP |
| 005 | 20250509081826 |
| 007 | cr ||||||||||| |
| 008 | 150406|2014||||xxc|||||o f|0| 0 fre|d |
| 040 | |aCaOODSP|bfre |
| 043 | |an-cn--- |
| 086 | 1 |aM183-2/7625F-PDF |
| 110 | 2 |aCommission géologique du Canada. |
| 245 | 10|aCaractéristiques géologiques et évaluation des ressources pétrolières du Shale d'Utica, Québec, Canada / |h[ressource électronique]|c[par] Z. Chen, D. Lavoie, et M. Malo. |
| 260 | |aOttawa - Ontario : |bRessources naturelles Canada. |c2014. |
| 300 | |a47p.|bfigures en couleur, graphiques, références, tableaux |
| 490 | 1 |aDossier public (Commission géologique du Canada)|v7625 |
| 590 | |a15-10|b2015-03-06 |
| 830 | #0|aDossier public (Commission géologique du Canada)|v7625|w(CaOODSP)9.504348 |
| 856 | 40|ahttp://publications.gc.ca|qPDF|s3.74 Mo|uhttps://publications.gc.ca/collections/collection_2015/rncan-nrcan/M183-2-7625-fra.pdf|y7625 |